Human resource development : today and tomorrow
| Main Author: | Sims, Ronald R |
|---|---|
| Published: |
Greenwich:
Information Age Pub.,
2006.
|
| Subjects: |
| LEADER | 00542cam a2200169 7i4500 | ||
|---|---|---|---|
| 001 | 0000040925 | ||
| 005 | 20120104090000.0 | ||
| 020 | |a 1593114877 (pbk.) | ||
| 020 | |a 1593114885 (hbk.) | ||
| 020 | |a 9781593114886 | ||
| 090 | 0 | 0 | |a HF5549 |b .S59 2006 |
| 100 | 1 | |a Sims, Ronald R | |
| 245 | 1 | 0 | |a Human resource development : |b today and tomorrow |c by Ronald R. Sims. |
| 260 | |a Greenwich: |b Information Age Pub., |c 2006. | ||
| 300 | |a ix, 339 p.: |b ill.; |c 25 cm. | ||
| 650 | 0 | 0 | |a Personnel management |
| 999 | |a 0000001766 |b BOK |c OPEN SHELF |e 1st Floor, Shah Alam | ||


